000 00466nam a2200181 a 4500
005 20210223121152.0
008 991125c1988 mx 000 0 spa u
035 _aUPN01000013276
049 _aCG
050 4 _aB75
_bP6.3
100 1 _aPolitzer, G.
245 1 0 _aCursos de filosofía /
_cG. Politzer.
260 _aMéxico :
_bCultura Popular,
_c1988.
300 _a276 p.
440 0 _aManuales
650 4 _aFILOSOFIA -
_vINTRODUCCIONES
_95986
905 _aLibro
999 _c13276
_d13276